000 00500nam a22001697a 4500
003 OSt
008 260416b |||||||| |||| 00| 0 eng d
082 _a632.4
_bA79I
100 _aArun, Anand Kumar Singh
245 _aIntegrated Management of Brown Spot Disease of Rice caused by Drechslera oryzae (Breda de Haan.) Subramanian and Jain
260 _aPusa, Samastipur
_bRAU, Pusa
_c2008
300 _a62P.
502 _bMsc.
_d2008
650 _aPlant Pathology
650 _aMsc.
942 _2ddc
_cT
999 _c50068
_d50068